|
|
|
|
| LEADER |
01179nam a2200265 a 4500 |
| 001 |
GR-Patra33913 |
| 008 |
010103s19952006enk e b b eng d |
| 020 |
|
|
|a 9781403994202
|
| 082 |
|
0 |
|a 361.309 2
|
| 100 |
1 |
|
|a Banks, Sarah
|
| 245 |
1 |
0 |
|a Ethics and values in social work /
|c Sarah Banks.
|
| 250 |
|
|
|a 3rd ed.
|
| 260 |
|
|
|a London :
|b Macmillan press,
|c 2006
|
| 300 |
|
|
|a xx, 218 σ. ;
|c 22 εκ.
|
| 490 |
0 |
|
|a Practical social work.
|
| 504 |
|
|
|a Περιλαμβάνει βιβλιογραφίες και ευρετήριο.
|
| 650 |
|
4 |
|a ΗΘΙΚΗ
|
| 650 |
|
4 |
|a ΚΟΙΝΩΝΙΚΗ ΕΡΓΑΣΙΑ
|
| 650 |
|
4 |
|a ΚΟΙΝΩΝΙΚΟΙ ΛΕΙΤΟΥΡΓΟΙ
|
| 710 |
0 |
|
|a Palgrave Macmillan
|
| 942 |
|
|
|2 ddc
|
| 952 |
|
|
|0 0
|1 0
|2 ddc
|4 0
|6 361_309000000000000_2_BAN
|7 0
|9 316165
|a LISK
|b LISK
|c BSC
|d 2021-01-17
|e 24
|f 0
|g 0.00
|l 0
|o 361.309 2 BAN
|p 92410051029
|r 2021-01-17 00:00:00
|t 1
|w 2021-01-17
|y BK15
|x 20130723 0 1
|x GrPaTEI
|
| 952 |
|
|
|0 0
|1 0
|2 ddc
|4 0
|6 361_309000000000000_2_BAN
|7 1
|9 316166
|a LISK
|b LISK
|c BSC
|d 2021-01-17
|e 24
|f 0
|g 0.00
|l 0
|o 361.309.2 BAN
|p 92410051030
|r 2021-01-17 00:00:00
|t 1
|w 2021-01-17
|y BKN
|x 20130723 0 0
|x GrPaTEI
|
| 971 |
|
|
|a .b26814857
|b 01-10-20
|c 27-09-16
|
| 999 |
|
|
|c 180063
|d 180063
|